000
00251nam a22001097a 4500
082
_a
515.07 SIN'M
100
_a
SINGH, SAMUEL KHAUM
_9
76959
245
_a
MATHEMATICS FOR ELECRONICS
260
_a
USA
_b
ELECTRONIC
_c
1968
300
_a
8-78P
942
_c
BK
999
_c
582273
_d
582273